Biblioteca

The letter of James : (Registro nro. 66256)

Detalles MARC
000 -LÍDER
Campo fijo de descripción fija 01624cam a2200433 i 4500
001 - NÚMERO DE CONTROL
Campo de control 768714001
003 - IDENTIFICADOR DEL NÚMERO DE CONTROL
Campo de control CO-MdFUSB
005 - FECHA Y HORA DE LA ULTIMA TRANSACCIÓN
control field 20210303105036.0
007 - CAMPO FIJO DE DESCRIPCIÓN FIJA--INFORMACIÓN GENERAL
Campo fijo de descripción fija ta
008 - ELEMENTOS DE LONGITUD FIJA -- INFORMACIÓN GENERAL
Campo fijo de descripción fija -- Información general 960628t19851985enk b 000 0 eng
010 ## - NÚMERO DE CONTROL DE LA BIBLIOTECA DEL CONGRESO
Número de control LC 86006184
020 ## - NÚMERO INTERNACIONAL NORMALIZADO PARA LIBROS
Número Internacional Normalizado del libro 0802800793 (Eerdmans : pbk.)
020 ## - NÚMERO INTERNACIONAL NORMALIZADO PARA LIBROS
Número Internacional Normalizado del libro 9780830829958 (Eerdmans : pbk.)
040 ## - FUENTE DE CATALOGACIÓN
Agencia de catalogación original DLC
Agencia que realiza la transcripción CO-MdFUSB
Agencia que realiza la modificación CAP
-- CO-MdFUSB
-- UtOrBLW
Idioma de catalogación spa
Convenciones de la descripción rda
041 ## - CÓDIGO DE IDIOMA
Código de idioma para texto/pista de sonido o título separado eng
082 ## - NÚMERO DE CLASIFICACIÓN DECIMAL DEWEY
Número de la edición del Dewey 23
Número de clasificación 227.9107
Clave de autor-Numero de item M817
090 ## - SIGNATURA TOPOGRÁFICA LOCAL
Número de clasificación local BS2785.3
100 1# - ASIENTO PRINCIPAL--NOMBRE PERSONAL
Nombre personal Moo, Douglas J.
Término relacionador autor
240 ## - TITULO UNIFORME
Título uniforme <a href="Epistle of James : an introduction and commentary.">Epistle of James : an introduction and commentary.</a>
245 14 - TÍTULO
Título del Material The letter of James :
Parte restante del título - Subtitulo an introduction and commentary
Mención de responsabilidad, etc. / Douglas J. Moo.
246 33 - FORMA VARIANTE DEL TITULO
Título propiamente dicho/forma breve del título Epistle of James :
Parte restante del título an introduction and commentary.
246 34 - FORMA VARIANTE DEL TITULO
Título propiamente dicho/forma breve del título James.
264 #1 - PRODUCCIÓN, PUBLICACIÓN, DISTRIBUCIÓN, MANUFACTURA, Y COPYRIGHT
Lugar de producción, publicación, distribución, manufactura Leicester, England :
Nombre del productor, publicador, distribuidor Inter-Varsity Press ;
Lugar de producción, publicación, distribución, manufactura Grand Rapids, Mich. :
Nombre del productor, publicador, distribuidor Eerdmans,
Fecha de producción, publicación, distribución, manufactura, o copyright [1985]
264 #4 - PRODUCCIÓN, PUBLICACIÓN, DISTRIBUCIÓN, MANUFACTURA, Y COPYRIGHT
Fecha de producción, publicación, distribución, manufactura, o copyright © 1985
300 ## - DESCRIPCIÓN FÍSICA
Extensión 191 páginas ;
Dimensiones 20 cm.
336 ## - TIPO DE CONTENIDO
Término de tipo de contenido texto
Código de tipo de contenido txt
Fuente rdacontent.
337 ## - TIPO DE MEDIO
Nombre del tipo de medio sin mediación
Código del tipo de medio n
Fuente rdamedia.
338 ## - TIPO DE SOPORTE
Nombre del tipo de soporte volumen
Código Tipo de soporte nc
Fuente rdacarrier.
490 1# - MENCIÓN DE SERIE
Mención de serie The Tyndale New Testament commentaries ;
504 ## - NOTA DE BIBLIOGRAFÍA, ETC.
Nota de bibliografía, etc Incluye referencias bibliográficas.
505 ## - NOTA DE CONTENIDO
Nota de contenido con formato preestablecido La carta en la iglesia. -- Paternidad literaria. -- Circunstancias de la carta. -- La naturaleza de la carta. -- Énfasis teológico de la carta. -- Análisis. -- Comentario. -- Notas adicionales.
563 ## - NOTA DE ENCUADERNACIÓN
Nota de encuadernación Rústico
630 #7 - TITULO UNIFORME
Título uniforme Biblia.
Nombre de parte o sección de la obra Santiago
Subdivisión de materia general Crítica, interpretación, etc.
830 #0 - PUNTO DE ACCESO ADICIONAL DE SERIE - TÍTULO UNIFORME
Título uniforme Tyndale New Testament commentaries ;
Designación de volumen o secuencia 16.
942 ## - TIPO DE MATERIAL (KOHA)
Tipo de Item KOHA Libros General
945 ## - INFORMACIÓN LOCAL DEL REGISTRO
Catalogador JTF-925
Existencias
Estado de Material Estado de Perdido Forma de Clasificación Estado de Dañado No para Préstamo Colección Biblioteca de Origen Biblioteca Permanente Fecha de Adquisición Área Total de Préstamos Signatura Topográfica Código de Barras Última vez visto Ejemplar/Existencia Fecha de Remplazo Tipo de Material
    Dewey Decimal Classification     Colección General Biblioteca FUSBC Biblioteca FUSBC 24/06/2020 BIBLIA   G 227.9107 M817l 9452 01/11/2023 Ej.1 24/06/2020 Libros General

Biblioteca FUSBC | Teléfono: (57+4) 349 88 10 Ext. 141| WhatsApp (+57) 3005338115 
E-mail: biblioteca@unisbc.edu.co | Calle 76 87-14 Robledo Palenque, Medellín, Colombia

Con tecnología Koha